| 000 | 00588cam a22001217a 4500 | ||
|---|---|---|---|
| 008 | 180718b--- xxu||||| |||| 00| 0 eng d | ||
| 082 | _aT068x54 In2 | ||
| 245 |
_aEarnings, indebtedness, cultivated holdings and assets of the weaker section households in rural areas _cby National Sample Survey Organisation, Department of Statistics. Ministry of Planning |
||
| 260 |
_aNew Delhi _bGovernment of India _c--- |
||
| 300 | _a3v. | ||
| 500 | _aContents: v.1.323p v.2. 291p v.3. 105p and no 233 | ||
| 700 | _aIndia. National Sample Survey Organisation, Department of Statistics. Ministry of Planning | ||
| 999 |
_c497061 _d497061 |
||